000 00774nam a2200229Ia 4500
001 16985
003 GE_BSU
008 181216s||||||||xx |||||||||||||| ||und||
040 _cGE_BSU
080 _a821.353.1-1
100 _aბერულავა, ხუტა
245 _aეპიტაფია სვეტიცხოვლის აღმშენებლისა
245 _bლირიკა
245 _cრედ.თ.ბექირიშვილი
260 _aთბილისი
260 _bნაკადული
260 _c1974
300 _a220გვ. ; 21სმ..
653 _aეპიტაფია სვეტიცხოვლის აღმშენებლისა
653 _aლირიკა
942 _cBK
999 _c50047
_d50047